000
00350nam a2200169Ia 4500
100
_a
Hungerford/Thomas W
650
_a
Algebra
942
_c
BK
366
_f
20
654
_a
algebra
245
_a
Algebra
260
_b
Springer International
_a
New Delhi
_c
1974
082
_a
512/HUN
_b
HUN
300
_a
502
546
_a
ENGLISH
999
_c
24748
_d
24748